Países hispanoamericano con mas porcentaje de poblacion indigena - Estadísticas

Estadísticas generales
  • Esta prueba ha sido intentada 54 veces
  • La puntuación promedio es 9 de 10
Estadísticas de respuestas
Porcentaje Respuesta % Correcto
25.7% Perú
98%
62% Bolivia
96%
17% Honduras
94%
15.1% México
94%
10% Nicaragua
94%
10% El Salvador
92%
43.6% Guatemala
92%
12.8% Chile
90%
7.7% Ecuador
90%
12.28% Panamá
82%
No se encontraron pruebas coincidentes
Distribución de puntuación
Porcentaje de gente con cada puntuación
Porcentaje por número respondido
Historial de tus puntuaciones
No has intentado esta prueba.